000 005560000a22001930004500
090 _aSERIADAS
100 1 _aFernández Alonso, José Luis
_94621
245 1 0 _aEstudios en Labiatae-VI. Hibridación en el género Salvia en Colombia y su interés horticultural
044 _aColombia
041 0 _aEspañol
650 1 4 _aHíbridos
_9100704
650 1 4 _aEspecies silvestres
_93466
650 1 4 _aEspeciación
_917207
653 _gSalvia
653 _eAngulatae
653 _eRubescentes
942 _cARTICULO
773 1 _tCaldasia
_h1
_q21-48
_d2008
_g30
999 _c16376
_d16376